Manual de observación psicomotriz: significación psiconeurológica de los factores psicomotores
Збережено в:
| Автор: | |
|---|---|
| Формат: | Книга |
| Мова: | Іспанська |
| Опубліковано: |
Barcelona
INDE
2008
|
| Редагування: | 3a. ed |
| Предмети: | |
| Теги: |
Додати тег
Немає тегів, Будьте першим, хто поставить тег для цього запису!
|
MARC
| LEADER | 00000nam a2200000 a 4500 | ||
|---|---|---|---|
| 001 | UCI9494 | ||
| 003 | CL-VaPUC | ||
| 008 | 081120e20080000SP |||||||||||||||||spa|d | ||
| 020 | |a 9788487330780 | ||
| 082 | 0 | 4 | |a 612.8 |b FON |2 21 |
| 100 | 0 | |a Fonseca, Vitor da |e author |9 533284 | |
| 245 | 1 | 0 | |a Manual de observación psicomotriz: significación psiconeurológica de los factores psicomotores |
| 250 | |a 3a. ed | ||
| 300 | |a 382 p | ||
| 942 | |c BK | ||
| 945 | |d 20081120 00:00:00 |a jtorresc | ||
| 260 | |a Barcelona |b INDE |c 2008 | ||
| 650 | 0 | |a Neuropsicología |9 270837 | |
| 650 | 7 | |a MOTRICIDAD |2 CL-VaPUC |9 307419 | |
| 650 | 0 | |a Sistema nervioso |9 266815 | |
| 650 | 7 | |a PSICOMOTROCIDAD |2 CL-VaPUC |9 341088 | |
| 650 | 0 | |a Aptitud motora |x Niños |9 307455 | |
| 650 | 0 | |a Aptitud motora |9 307353 | |
| 650 | 7 | |a DESARROLLO PSICOLOGICO |2 CL-VaPUC |9 369936 | |
| 583 | |a last modification |c 20081120 00:00:00 |k Rodrigo Vera | ||
| 999 | |c 332018 |d 332016 | ||
| 952 | |0 0 |1 0 |4 0 |6 612_800000000000000_FON_2008 |7 0 |8 A |9 419349 |a BIBEDU |b BIBEDU |d 2019-11-22 |i 4497538 |o 612.8 FON 2008 |p 4497538 |r 2019-11-22 |w 2019-11-22 |y BK |k EFI | ||